| 000 | 00698nam a22002177a 4500 | ||
|---|---|---|---|
| 003 | OSt | ||
| 005 | 20140310182206.0 | ||
| 008 | 130904t xxu||||| |||| 00| 0 eng d | ||
| 050 |
_aBX 4705.A428 _b.L228 1977 |
||
| 082 |
_aHS 282.0924 _bL18 1977 |
||
| 100 |
_aLamera, Stephen _916522 |
||
| 245 |
_aJames Alberione : _ba marvel of our times / _cStephen Lamera. |
||
| 260 |
_aManila : _bDaughters of St. Paul, _cc1977. |
||
| 300 |
_a181 p. : _bill, ; _c21 cm. |
||
| 541 | _j1 | ||
| 562 | _e1 | ||
| 650 |
_a1. Alberione, Giacomo Giuseppe, 1884-1971. _916523 |
||
| 650 |
_aCatholic church _xClergy _xBiography. _916524 |
||
| 650 |
_aClergy _xItaly _xBiography. _916525 |
||
| 942 |
_2lcc _cHS |
||
| 999 |
_c10350 _d10350 |
||